Statistics for Biggest Cities in Brazil by Region

Click here to take the quiz!

General Stats

  • This quiz has been taken 24 times
    (6 since last reset)
  • The average score is 20 of 25

Answer Stats

PopulationCity% Correct
Norte / North1,492,745Belém
100%
Sudeste / Southeast2,512,070Belo Horizonte
100%
Centro-Oeste / Central-West3,015,268Brasília
100%
Sul / South1,933,105Curitiba
100%
Norte / North2,182,763Manaus
100%
Sul / South1,483,771Porto Alegre
100%
Nordeste / Northeast1,645,727Recife
100%
Sudeste / Southeast6,718,903Rio de Janeiro
100%
Nordeste / Northeast2,872,347Salvador
100%
Sudeste / Southeast12,252,023São Paulo
100%
Centro-Oeste / Central-West578,179Aparecida de Goiânia
83%
Sudeste / Southeast1,204,073Campinas
83%
Centro-Oeste / Central-West895,982Campo Grande
83%
Nordeste / Northeast2,669,342Fortaleza
83%
Centro-Oeste / Central-West1,516,113Goiânia
83%
Norte / North503,327Macapá
83%
Nordeste / Northeast1,018,948Maceió
83%
Norte / North529,544Porto Velho
83%
Nordeste / Northeast1,101,884São Luís
83%
Centro-Oeste / Central-West612,547Cuiabá
67%
Sul / South590,466Joinville
50%
Sul / South569,733Londrina
50%
Sul / South510,906Caxias do Sul
33%
Sudeste / Southeast1,379,182Guarulhos
33%
Norte / North530,598Ananindeua
17%

Score Distribution

Percentile by Number Answered

Percent of People with Each Score

Your Score History

You have not taken this quiz since the last reset